000 00634nam a2200229 a 4500
001 82045
003 BD-RjUL
005 20231004125827.0
008 231004s2019 ii ||||| |||| 00| 0 eng d
020 _a 9789389447170
035 _a(BD-RjUL)82045
040 _aBD-RjUL
_beng
_cBD-RjUL
041 _aeng
082 _223
_a571.29
_bSAT 2019
100 _aSambamurty, A.V.S.S.
_99360
245 _aA Textbook of Algae /
_cA.V.S.S. Sambamurty
260 _aNew Delhi :
_bI.K. International,
_c2019
300 _axii, 322 pages :
_billustrations ;
_c24 cm.
500 _aIncludes index.
650 _aAlgae
_93689
942 _2ddc
_cBK
999 _c82045
_d82045